Normal view
MARC view
- Supervisor Dr. Shoab Ahmed Khan
Entry Personal Name
001 - CONTROL NUMBER
- control field: 69893
003 - CONTROL NUMBER IDENTIFIER
- control field: NUST
005 - DATE AND TIME OF LATEST TRANSACTION
- control field: 20210628204323.0
008 - FIXED-LENGTH DATA ELEMENTS
- fixed length control field: 210628|| aca||aabn | a|a d
040 ## - CATALOGING SOURCE
- Original cataloging agency: NUST
- Transcribing agency: NUST
100 ## - HEADING--PERSONAL NAME
- Personal name: Supervisor Dr. Shoab Ahmed Khan
670 ## - SOURCE DATA FOUND
- Source citation: Work cat.: (NUST): Mavera Mazhar Butt 69892, TH-SOF-1321-Classoifying Normal Sinus Rhythm and Cardiac Arrhythmias in ECG Signals Using Hybrid Feature Set From Temporal Frequency and Wavelet Domains, 2016
